000 02151nam a2200421 c 4500
999 _c346203
_d346203
003 BLK
005 20221208030814.0
008 180408b bul|||||r ||||||| ||bul||
010 _aKNG00059658000
020 _a9789545166884
040 _aBLK
041 _aBUL
_cBUL
080 _aАнатомия. Вж и 572 ; 591.4 ; 616.1/.9 ; 343.9 ; 743
_b611
_x(084.4)
_z611(084.4)
080 _aСпециална анатомия. Анатомия на отделните органи и системи
_b611.1/.8
_x(084.4)
_z611.1/.8(084.4)
139 _aЦветен атлас по анатомия
_bЦ 32
245 1 0 _aЦветен атлас по анатомия
_bВ 3 т.
_cавт. на том Вернер Кале; съавт. на том Михаел Фрочер; прев. на том Явор Буков, Пепа Атанасова
_nТ. 3
_pНервна система и сетивни органи
257 _aDEU
260 _c2005 -
_fСофия : Вулкан
300 _c20 см
380 _a61
500 _aОриг. загл. Taschenatlas der Anatomie. - Прев. по 8. прераб. изд.
504 _a384-389
650 4 _aАнатомия - атласи
_9270692
650 0 _aЦентрална нервна система
_9290611
653 _aанатомия
653 _aатласи
653 _aучебници за ВУЗ
700 _aБуков, Явор
_eпрев. на том
_9369181
700 _aАтанасова, Пепа
_eпрев.
_9966
760 1 _dЛетера, 2007
_h408 с. : 637 цв. ил.
_nОриг. загл. Innere Organe. - Съдържа 541 цв. и черно-бели ил. от Герхард Шпитцер. - Библиогр. с. 388-408; Азб. показалец
_tТ. 3 Нервна система и сетивни органи
852 _bЦб
_cЧ 611/Ц 32
856 4 _qpdf
856 4 _qpdf
942 _cKNG
_n0
_s1
944 _aCR
_c30.05.2006
_kКети_Илиева
944 _aED
_c25.01.2013
999 _d346203
999 _d346203
999 _d346203
999 _d55686